| 000 | 00595nam a2200181Ia 4500 | ||
|---|---|---|---|
| 003 | GCL | ||
| 008 | 140319s9999 xx 000 0 ara d | ||
| 040 |
_aGCL / _cGCL |
||
| 082 | 0 | 4 |
_a341.1 _bم ف |
| 100 | 1 | _aمصطفى احمد فؤاد | |
| 245 | 1 | 0 |
_aفكرة الضروره فى القانون الدولى العام / _cمصطفى احمد فؤاد |
| 260 |
_a[S.N] : _bمنشاة المعارف الاسلامية ، _c1994 |
||
| 300 | _a124 ص | ||
| 490 |
_aالكتب القانونية _v0 |
||
| 650 | 0 | 4 | _aالقانون |
| 650 | 0 | 4 | _aالقانون الدولى |
| 942 |
_2ddc _cBK |
||
| 999 |
_c29255 _d29255 |
||